All Schools With a Heisman Trophy Winner - Statistics

General Stats
  • This quiz has been taken 48 times
  • The average score is 31 of 40
Answer Stats
Hint Answer Years won % Correct
4 Alabama 2021, 2020, 2015, 2009
100%
3 LSU 2023, 2019, 1959
100%
3 Florida 2007, 1996, 1966
98%
2 Georgia 1982, 1942
98%
3 Michigan 1997, 1991, 1940
98%
7 Ohio State 2006, 1995, 1975, 1974, 1955, 1950, 1944
98%
7 Oklahoma 2018, 2017, 2008, 2003, 1978, 1969, 1952
98%
8 USC 2022, 2005, 2004, 2002, 1981, 1979, 1968, 1965
98%
3 Florida State 2013, 2000,1993
95%
Texas 1998, 1977
93%
3 Auburn 2010, 1985, 1971
90%
Colorado 1994
90%
3 Nebraska 2001, 1983, 1972
90%
7 Notre Dame 1987, 1964, 1956, 1953, 1949, 1947, 1943
90%
1 Oregon 2014
90%
Texas A&M 2012, 1957
90%
Miami 1992, 1986
86%
Baylor 2011
83%
Oklahoma State 1988
83%
3 Army 1958, 1946, 1945
81%
Navy 1963, 1960
79%
Penn State 1973
79%
Stanford 1970
79%
UCLA 1967
79%
BYU 1990
71%
Louisville 2016
71%
South Carolina 1980
69%
TCU 1938
69%
Iowa 1939
67%
Yale 1937, 1936
67%
Wisconsin 1999, 1954
64%
Oregon State 1962
62%
Houston 1989
60%
Minnesota 1941
60%
Pitt 1976
57%
SMU 1948
55%
Boston College 1984
48%
Syracuse 1961
48%
Princeton 1951
40%
Chicago 1935
36%
No matching quizzes found
Score Distribution
Percent of People with Each Score
Percentile by Number Answered
Your Score History
You have not taken this quiz